Top 20 US States by Police Misconduct (2010) - Statistics

General Stats
  • This quiz has been taken 258 times
  • The average score is 14 of 20
Answer Stats
Answer % Correct
Florida
93%
Arizona
80%
Mississippi
77%
Louisiana
76%
Oklahoma
76%
New Mexico
74%
Tennessee
74%
Colorado
73%
Alaska
72%
Indiana
70%
Oregon
69%
Hawaii
68%
West Virginia
68%
Utah
66%
Pennsylvania
64%
Montana
60%
Minnesota
59%
Vermont
58%
New Hampshire
54%
Connecticut
51%
No matching quizzes found
Score Distribution
Percent of People with Each Score
Percentile by Number Answered
Your Score History
You have not taken this quiz